000 01093cam a22001934a 4500
005 20250605164205.0
008 250528s ||||||||||||||||||||||||d
035 _a19906
020 _a9605202328
040 _aGR-AtMCL
_bgre
_dGR-AtMCL
_eAACR2
245 1 _aΠλήρης Οδηγός του Ελληνικού Powerpoint 2000 / Microsoft special edition
260 _bΓκιούρδας,
_c2000
300 _a766
520 _aΈνα απαραίτητο Ελληνικό βιβλίο για το Microsoft Power Point 2000. Περιέχει CD-ROM. Τα Βασικά του Power Point, Επεξεργασία και Μορφοποίηση Παρουσιάσεων, Εκτέλεση Παρουσιάσεων, Εργασία με Γραφικά και Γραφήματα και Πολυμέσα, Εργασια με το Power Point στο Web, Power Point για Προχωρημένους, Από την Ιδέα στην Εκτέλεση, Παραρτήματα, Ευρετήριο.
700 1 _aRutledge Patrice-Anne
_96061
942 _cBK
999 _c5148
_d5148